championship winners - Statistics

General Stats
  • This quiz has been taken 18 times
  • The average score is 3 of 12
Answers on the Grid
Answers color-coded by a green-red scale on the quiz's grid according to % correct below.
aston villa
birmingham
blackburn
blackpool
brentford
brighton
burnley
cardiff
coventry
fulham
hull
ipswich
leeds
leicester
newcastle
norwich
Qpr
reading
stoke
sunderland
swansea
west brom
wigan
wolves
 
Answer Stats
Answer % Correct
burnley
50%
leicester
50%
newcastle
50%
leeds
33%
norwich
33%
wolves
33%
cardiff
17%
fulham
17%
Qpr
17%
reading
17%
sunderland
17%
west brom
0%
No matching quizzes found
Score Distribution
Percent of People with Each Score
Percentile by Number Answered
Your Score History
You have not taken this quiz